00815cam a22002773a 45000010005000000030006000050050017000110080041000280400015000690420007000840500007000911000030000982450060001282600029001885060030002175160020002476530037002676530017003046530018003216530034003396530022003736530034003956530039004298300028004688560041004963618PGUSA20140828083035.0030101s2003||||xxu|||||s|||||000 | eng d aPGUSAbeng adc 4aPR1 aShaw, Bernard,d1856-195010aArms and the Manh[electronic resource] /cBernard Shaw bProject Gutenberg,c2003 aPublic domain in the USA. aElectronic text aMan-woman relationships -- Drama aWar -- Drama aLove -- Drama aSoldiers -- Bulgaria -- Drama aBulgaria -- Drama aItalians -- Bulgaria -- Drama aSerbo-Bulgarian War, 1885 -- Drama 0aProject Gutenbergv361840uhttp://www.gutenberg.org/ebooks/3618